000 01549nam a22003977a 4500
003 CHAP
005 20220329143919.0
008 170812s2012 mx r 00010 spa d
010 _a103671
011 _a104643
035 _a115333
040 _cCHAP
090 _aTesis
100 1 _aCamacho Alva, Nanci Miriam
_917651
245 1 0 _aTolerancia y resistencia al fuego en cuatro especies forestales
_h[En línea]
_c/por Nanci Miriam Camacho Alva
260 _aChapingo, Méx. :
_bEl autor,
_c2012
500 _aPara ver el contenido del material haga clic en la liga
502 _aTesis (Ing. en Restauracion Forestal) -- UACH. División de Ciencias Forestales
590 _aALEPH
_b10
_c20130110
_lUCH01
_h1545
590 _aBATCH-UPD
_b10
_c20130110
_lUCH01
_h1327
590 _aBATCH-UPD
_b10
_c20130410
_lUCH01
_h0833
590 _aBATCH-UPD
_b10
_c20130914
_lUCH01
_h0725
590 _aBATCH-UPD
_b10
_c20140324
_lUCH01
_h1532
590 _aBATCH-UPD
_b10
_c20141002
_lUCH01
_h0854
590 _aBATCH
_b00
_c20181121
_lUCH01
_h0759
590 _aCONVERSION
_b10
_c20130109
_lUCH01
_h1357
650 0 4 _aÁrboles
_xDano por el Fuego
_xPublicaciones Periodicas.
_96586
650 0 4 _aBosques
_xIncendios
_xControl.
_914218
650 0 4 _aBosques
_xIncendios
_xMéxico.
_914223
856 _3Finding aid
_uhttp://10.13.5.2/tesis/115333.pdf
_zTeclea aqui
856 _a1
_n0001159
901 _aBK
942 _cFOLL
949 _aTesis
_bBC
_cTES
_d33724002340991
_eTS2
_fc.2
_h53719
_i115333
_st
949 _aTesis
_bBC
_cTES
_d33724002341033
_eTS1
_h53718
_i115333
_st
999 _c103671
_d103671